Statistiques concernant Les 10 meilleurs buteurs en 2000.

Cliquez ici pour prendre le quiz!

Statistiques générales

  • Ce quiz a été pris 80 fois
  • Le résultat moyen est 5 sur 10

Statistiques - réponses

ButsJoueursClubs% Correct
37Thierry HenryArsenal
99%
42Andriy ShevchenkoMilan
80%
28RaulReal
80%
26David TrezeguetMonaco/ Juve
73%
37RivaldoBarca
64%
33Gabriel BatistutaFiorentina/ Roma
42%
36Patrick KluivertBarca
35%
27Jimmy Floyd HasselbainkAtletico/ Chelsea
11%
24Laurent RobertPSG
4%
24Mehmet SchollBayern
0%

Distribution des résultats

Percentile par nombre de réponses

% des personnes avec chaque résultat

Votre développement - résultats

Vous n’avez pas pris ce quiz